书目信息 |
| 题名: |
水利水电建设工程监理管理指南
|
|
| 作者: | 程卫民 , 王仲何 , 陈现军 编著 | |
| 分册: | ||
| 出版信息: | 武汉 长江出版社 2006.11 |
|
| 页数: | 393页 | |
| 开本: | 26cm | |
| 丛书名: | ||
| 单 册: | ||
| 中图分类: | TV512-62 | |
| 科图分类: | ||
| 主题词: | 水利发电工程--shui li fa dian gong cheng--监督管理--指南 , 水利工程--shui li gong cheng--监督管理--指南 | |
| 电子资源: | ||
| ISBN: | 978-7-80708-236-1 | |
| 000 | 01159nam0 2200277 450 | |
| 001 | 012007662007 | |
| 005 | 20071201105010.17 | |
| 010 | @a978-7-80708-236-1@dCNY50.00 | |
| 100 | @a20071130d2006 km y0chi0120 ea | |
| 101 | 0 | @achi |
| 102 | @aCN@b420000 | |
| 105 | @ak z 000yy | |
| 106 | @ar | |
| 200 | 1 | @a水利水电建设工程监理管理指南@Ashui li shui dian jian she gong cheng jian li guan li zhi nan@f程卫民 ... [等] 编著@Fcheng wei min...[deng]bian zhu |
| 210 | @a武汉@c长江出版社@d2006.11 | |
| 215 | @a393页@d26cm | |
| 304 | @a题名页题 : 程卫民, 王仲何, 陈现军, 邹琳编著 | |
| 330 | @a本书是基于水利水电建设工程监理管理规范化和制度化的要求,为从事水利水电建设工程监理管理工作、监理工作和监理配合工作等相关人员提供工作指南,也可为水利水电工程建设管理单位实施监理管理工作制订规章提供参考。 | |
| 606 | 0 | @a水利发电工程@Ashui li fa dian gong cheng@x监督管理@j指南 |
| 606 | 0 | @a水利工程@Ashui li gong cheng@x监督管理@j指南 |
| 690 | @aTV512-62@v4 | |
| 701 | 0 | @a程卫民@Acheng wei min@4编著 |
| 701 | 0 | @a王仲何@Awang zhong he@4编著 |
| 701 | 0 | @a陈现军@Achen xian jun@4编著 |
| 801 | 0 | @aCN@bQSSK@c20071201 |
| 905 | @b268198-200@dTV512-62@eC774@f3 | |
| 水利水电建设工程监理管理指南/程卫民 ... [等] 编著.-武汉:长江出版社,2006.11 |
| 393页;26cm |
| ISBN 978-7-80708-236-1:CNY50.00 |
| 本书是基于水利水电建设工程监理管理规范化和制度化的要求,为从事水利水电建设工程监理管理工作、监理工作和监理配合工作等相关人员提供工作指南,也可为水利水电工程建设管理单位实施监理管理工作制订规章提供参考。 |
| ● |
| 相关链接 |
|
|
|
正题名:水利水电建设工程监理管理指南
索取号:TV512-62/C774
 
预约/预借
| 序号 | 登录号 | 条形码 | 馆藏地/架位号 | 状态 | 备注 |
| 1 | 268198 | 202681981 | 自科库501/501自科库 78排2列1层/ [索取号:TV512-62/C774] | 在馆 | |
| 2 | 268199 | 202681990 | 自科库501/501自科库 78排2列1层/ [索取号:TV512-62/C774] | 在馆 | |
| 3 | 268200 | 202682007 | 期刊室512/501自科库 78排2列1层/ [索取号:TV512-62/C774] | 在馆 |